| 000 | 01062nam0a2200325 4500 | ||
|---|---|---|---|
| 001 | RU\NLR\bibl\1807 | ||
| 005 | 20260406042740.0 | ||
| 010 |
_a5-15-000551-7 _920000 |
||
| 021 |
_aRU _b98-129 _97 |
||
| 035 | _a(NLR Aleph) 000001708 | ||
| 090 |
_a2785 _c2785 |
||
| 100 | _a19980616d1997 |||y0rusy50 ca | ||
| 101 | 1 |
_arus _ceng |
|
| 102 | _aRU | ||
| 105 | _a||||||||||||| | ||
| 200 | 1 |
_aОбретенная любовь _eРоман _fЭйна Ли _g[Пер. с англ. В.И. Матвеева] |
|
| 210 |
_aМ. _cАСТ _d1997 |
||
| 215 |
_a430 с. _d17 |
||
| 225 | 1 | _aОчарование | |
| 225 | 1 | _aМини-Шарм | |
| 300 | _aЗагл. и авт. ориг.: Paradise Redeemed / Ana Leigh | ||
| 454 | 0 |
_12001#$aParadise Redeemed$fAna Leigh _tParadise Redeemed |
|
| 686 | _aШ6(7США)67-440.4 | ||
| 700 | 1 |
_4070 _8rus _7ca _aЛи _bЭ. _gЭйна _3RU\NLR\auth\772921 _9112928 |
|
| 801 | 0 |
_aRU _bNLR _c19980616 _gPSBO |
|
| 801 | 1 |
_aRU _bNLR _c19980616 |
|
| 852 |
_aNLR _j98-2/230 |
||
| 942 | _cBOOK | ||
| 980 | _aNB | ||